000 00299nam a2200133Ia 4500
008 231129s1982||||xx |||||||||||||| ||spa||
040 _bspa
082 _aR 366.10202 L392ma
100 _aLavagnini Aldo
245 0 _aManual del aprendiz
260 _c1982
264 _aKier.
942 _2ddc
_cBKS
999 _c20475
_d20475